| 000 | 00443nam a22001337a 4500 | ||
|---|---|---|---|
| 999 |
_c2724 _d2724 |
||
| 008 | 200316b ||||| |||| 00| 0 eng d | ||
| 020 | _a9780521132572 | ||
| 100 |
_92342 _aVerbeke, Alain |
||
| 245 | 1 | 0 |
_aInternational business strategy : rethinking the foundations of global corporate success _cby Alain Verbeke. |
| 260 |
_aNew Delhi: _bCambridge University Press, _c2009. |
||
| 300 | _axiii,481p. | ||
| 650 | 0 | _aStrategic Management | |
| 942 | _cBK | ||